| 000 | 00000nam 2200000za 4500 |
| 001 | 9.582459 |
| 003 | CaOODSP |
| 005 | 20210624192048 |
| 007 | cr ||||||||||| |
| 008 | 150406s2003 xxc|||||o f|0| 0 eng d |
| 040 | |aCaOODSP|beng |
| 041 | |aeng |
| 041 | |afre |
| 043 | |an-cn--- |
| 086 | 1 |aS52-2/253-2003-PDF |
| 110 | 1 |aCanada. |bPublic Works and Government Services Canada. |bTranslation Bureau. |
| 245 | 10|aTrilingual cycling glossary |h[electronic resource] / |c[by] Elizabeth Fragua. |
| 260 | |aOttawa : |bPublic Works and Government Services Canada, |c2003. |
| 300 | |a91 p. |
| 490 | 1 |aTerminology bulletin ; |vNo. 253 |
| 500 | |aRecord listed in Checklist 2006 no. 10. Text in English, French and Spanish. "It contains over 200 entries, including terminological information on cycling in general." -- Intro. |
| 504 | |aBibliography. |
| 546 | |aText in English, French and Spanish. |
| 690 | 07|aTerminology|2gcpds |
| 700 | 1 |aFragua, Elizabeth. |
| 792 | |tLexique trilingue sur le cyclisme |efre|w(CaOODSP)9.582460 |
| 830 | #0|aTerminology bulletin ;|vNo. 253|w(CaOODSP)9.500139 |
| 856 | 40|ahttp://publications.gc.ca|qPDF|s628 KB|uhttps://publications.gc.ca/collections/Collection/S52-2-253-2003.pdf|yNo. 253 |